Eastern Utah Libraries Catalog: Duchesne, Heber, Roosevelt, & Vernal

Harry Chapin : (Record no. 357280)

MARC details
000 -LEADER
fixed length control field 04060cgm a2200829Ki 4500
001 - CONTROL NUMBER
control field on1198249498
003 - CONTROL NUMBER IDENTIFIER
control field OCoLC
005 - DATE AND TIME OF LATEST TRANSACTION
control field 20210105141038.0
007 - PHYSICAL DESCRIPTION FIXED FIELD--GENERAL INFORMATION
fixed length control field vd cvaizu
008 - FIXED-LENGTH DATA ELEMENTS--GENERAL INFORMATION
fixed length control field 200930s2020 nyu093 g vleng d
040 ## - CATALOGING SOURCE
Original cataloging agency TEFMT
Language of cataloging eng
Description conventions rda
Transcribing agency TEFMT
Modifying agency TEF
-- OCLCF
-- JAS
-- UOK
-- OCLCO
-- WACOL
024 1# - OTHER STANDARD IDENTIFIER
Standard number or code 738329251154
028 42 - PUBLISHER NUMBER
Publisher number K25115
Source Greenwich Entertainment
035 ## - SYSTEM CONTROL NUMBER
System control number (OCoLC)1198249498
037 ## - SOURCE OF ACQUISITION
Source of stock number/acquisition Midwest Tape
Note http://www.midwesttapes.com
041 0# - LANGUAGE CODE
Language code of text/sound track or separate title eng
-- eng
Language code of original and/or intermediate translations of text eng
043 ## - GEOGRAPHIC AREA CODE
Geographic area code n-us---
050 #4 - LIBRARY OF CONGRESS CALL NUMBER
Classification number ML410.C43
Item number H37 2020
082 04 - DEWEY DECIMAL CLASSIFICATION NUMBER
Classification number 782.421620092
Edition number 23
092 ## - LOCALLY ASSIGNED DEWEY CALL NUMBER (OCLC)
Classification number 92
Item number Cha
049 ## - LOCAL HOLDINGS (OCLC)
Holding library WACL
245 00 - TITLE STATEMENT
Title Harry Chapin :
Remainder of title when in doubt, do something /
Statement of responsibility, etc Greenwich Entertainment presents ; a Korn/Baron film ; an In Plain View Entertainment production ; producers, S. A Baron, Jason Chapin, Rick Korn ; written and directed by Rick Korn.
246 3# - VARYING FORM OF TITLE
Title proper/short title When in doubt, do something
264 #1 - Production, Publication, Distribution, Manufacture, and Copyright Notice.
Place of production, publication, distribution, manufacture [New York] :
Name of producer, publisher, distributor, manufacturer Kino Lorber,
Date of production, publication, distribution, manufacture, or copyr [2020]
264 #4 - Production, Publication, Distribution, Manufacture, and Copyright Notice.
Date of production, publication, distribution, manufacture, or copyr �2020
300 ## - PHYSICAL DESCRIPTION
Extent 1 videodisc (93 min.) :
Other physical details sound, color ;
Dimensions 4 3/4 in.
336 ## - Content Type
Content type term two-dimensional moving image
337 ## - Media type
Media type term video
338 ## - Carrier type
Carrier type term videodisc
344 ## -
-- digital
-- rdatr
344 ## -
-- optical
-- rdarm
347 ## -
-- video file
-- rdaft
347 ## -
-- DVD video
380 ## -
-- Documentary films
-- lcgft
538 ## - SYSTEM DETAILS NOTE
System details note DVD, wide screen (1.78:1, 16x9) presentation ; Dolby 5.1 surround, 2.0 stereo. ; region 1, NTSC.
546 ## - LANGUAGE NOTE
Language note English dialogue; English subtitles.
500 ## - GENERAL NOTE
General note Title from container.
511 1# - PARTICIPANT OR PERFORMER NOTE
Participant or performer note Harry Chapin, Harry Belafonte, Pat Benatar, Sir Bob Geldof, Billy Joel, Robert Lamm, Darryl "DMC" McDaniels, Kenny Rogers, Pete Seeger, Bruce Springsteen, Richie Havens, and others.
508 ## - CREATION/PRODUCTION CREDITS NOTE
Creation/production credits note Editor, director of photography, S. A. Baron.
500 ## - GENERAL NOTE
General note Released as a motion picture in 2020.
500 ## - GENERAL NOTE
General note Wide screen.
520 ## - SUMMARY, ETC.
Summary, etc The inspiring story of Grammy Award-winning singer/songwriter Harry Chapin. Chapin sold over sixteen million albums and was one of his generation's most beloved artists and activists who spent his fame and fortune trying to end world hunger before his tragic passing. The film features a myriad of other performers intimately reflecting on Chapin's larger-than-life impact on music and the world.
521 ## - TARGET AUDIENCE NOTE
Target audience note DVD
Source MicroMarketing
600 10 - SUBJECT ADDED ENTRY--PERSONAL NAME
Personal name Chapin, Harry.
9 (RLIN) 5833030
650 #0 - SUBJECT ADDED ENTRY--TOPICAL TERM
Topical term or geographic name as entry element Folk musicians
Geographic subdivision United States
Form subdivision Biography.
9 (RLIN) 6397552
600 17 - SUBJECT ADDED ENTRY--PERSONAL NAME
Personal name Chapin, Harry.
Source of heading or term fast
-- (OCoLC)fst00149143
9 (RLIN) 5833030
650 #7 - SUBJECT ADDED ENTRY--TOPICAL TERM
Topical term or geographic name as entry element Folk musicians.
Source of heading or term fast
-- (OCoLC)fst00929409
9 (RLIN) 6397553
651 #7 - SUBJECT ADDED ENTRY--GEOGRAPHIC NAME
Geographic name United States.
Source of heading or term fast
-- (OCoLC)fst01204155
9 (RLIN) 6397554
655 #7 - INDEX TERM--GENRE/FORM
Genre/form data or focus term Biographical films.
Source of term fast
-- (OCoLC)fst01710277
9 (RLIN) 102649
655 #7 - INDEX TERM--GENRE/FORM
Genre/form data or focus term Biographies.
Source of term fast
-- (OCoLC)fst01919896
9 (RLIN) 5691024
655 #7 - INDEX TERM--GENRE/FORM
Genre/form data or focus term Documentary films.
Source of term fast
-- (OCoLC)fst01710390
9 (RLIN) 6397555
655 #7 - INDEX TERM--GENRE/FORM
Genre/form data or focus term Nonfiction films.
Source of term fast
-- (OCoLC)fst01710269
9 (RLIN) 6397556
655 #7 - INDEX TERM--GENRE/FORM
Genre/form data or focus term Documentary films.
Source of term lcgft
9 (RLIN) 6397555
655 #7 - INDEX TERM--GENRE/FORM
Genre/form data or focus term Nonfiction films.
Source of term lcgft
9 (RLIN) 6397556
655 #7 - INDEX TERM--GENRE/FORM
Genre/form data or focus term Biographical films.
Source of term lcgft
9 (RLIN) 102649
700 1# - ADDED ENTRY--PERSONAL NAME
Personal name Korn, Rick,
Relator term film director.
9 (RLIN) 6397557
700 1# - ADDED ENTRY--PERSONAL NAME
Personal name Chapin, Harry,
Relator term performer.
9 (RLIN) 5833030
700 1# - ADDED ENTRY--PERSONAL NAME
Personal name Belafonte, Harry,
Dates associated with a name 1927-
Relator term on-screen participant.
9 (RLIN) 20994
700 1# - ADDED ENTRY--PERSONAL NAME
Personal name Benatar, Pat,
Relator term on-screen participant.
9 (RLIN) 6397558
700 1# - ADDED ENTRY--PERSONAL NAME
Personal name Geldof, Bob,
Dates associated with a name 1951-
Relator term on-screen participant.
9 (RLIN) 5808309
700 1# - ADDED ENTRY--PERSONAL NAME
Personal name Joel, Billy,
Relator term on-screen participant.
9 (RLIN) 16046
700 1# - ADDED ENTRY--PERSONAL NAME
Personal name Lamm, Robert,
Relator term on-screen participant.
9 (RLIN) 6397559
700 0# - ADDED ENTRY--PERSONAL NAME
Personal name DMC
Titles and other words associated with a name (Musician),
Relator term on-screen participant.
9 (RLIN) 6204227
700 1# - ADDED ENTRY--PERSONAL NAME
Personal name Rogers, Kenny,
Relator term on-screen participant.
9 (RLIN) 13954
700 1# - ADDED ENTRY--PERSONAL NAME
Personal name Seeger, Pete,
Dates associated with a name 1919-2014,
Relator term on-screen participant.
9 (RLIN) 5676009
700 1# - ADDED ENTRY--PERSONAL NAME
Personal name Springsteen, Bruce,
Relator term on-screen participant.
9 (RLIN) 18817
700 1# - ADDED ENTRY--PERSONAL NAME
Personal name Havens, Richie,
Relator term on-screen participant.
9 (RLIN) 5709359
710 2# - ADDED ENTRY--CORPORATE NAME
Corporate name or jurisdiction name as entry element Greenwich Entertainment (Firm),
Relator term producer.
9 (RLIN) 6397560
710 2# - ADDED ENTRY--CORPORATE NAME
Corporate name or jurisdiction name as entry element In Plain View Entertainment,
Relator term producer.
9 (RLIN) 6397561
710 2# - ADDED ENTRY--CORPORATE NAME
Corporate name or jurisdiction name as entry element Kino Lorber, Inc.,
Relator term publisher.
9 (RLIN) 5717382
994 ## -
-- C0
-- WACOL
Holdings
Withdrawn status Lost status Source of classification or shelving scheme Damaged status Not for loan Collection code Home library Current library Shelving location Date acquired Source of acquisition Total Checkouts Total Renewals Full call number Barcode Date last seen Date checked out Cost, replacement price Price effective from Koha item type
    Dewey Decimal Classification     Movies Wasatch County Library Wasatch County Library Audio Visual Area 01/05/2021 Micromarketing 2 2 DVD 92 Cha 34301001708496 03/07/2024 01/31/2022 19.95 01/05/2021 DVD
This project was made possible through a grant from the Institute of Museum and Library Service administered by the Utah State Library Division.

Wasatch County Library

  • 465 East 1200 South, Heber City, Utah 84032
  • Phone 435-654-1511 | Fax 435-654-6456

Hours

  • Monday - Friday 9:30 AM - 8:00 PM
  • Saturday 9:30 AM - 1:30 PM
  • Closed Sundays and Holidays